An in troduction to information technology in business. (Record no. 91)

MARC details
000 -LEADER
fixed length control field 00550cam a2200193ua 4500
008 - FIXED-LENGTH DATA ELEMENTS--GENERAL INFORMATION
fixed length control field 110316n ii |||gr||||Z||||||eng
040 ## - CATALOGING SOURCE
Transcribing agency MAIN
082 ## - DEWEY DECIMAL CLASSIFICATION NUMBER
Classification number 004
245 ## - TITLE STATEMENT
Title An in troduction to information technology in business.
Statement of responsibility, etc. By Gangadhar Das.
250 ## - EDITION STATEMENT
Edition statement 1st.
260 ## - PUBLICATION, DISTRIBUTION, ETC.
Place of publication, distribution, etc. Howly.:
Name of publisher, distributor, etc. Departme3nt of management: B.H. college.,
Date of publication, distribution, etc. 2005.
300 ## - PHYSICAL DESCRIPTION
Extent 176 p.:
Other physical details ill.;
Dimensions 20 cm.
700 ## - ADDED ENTRY--PERSONAL NAME
Personal name Das, Gangadhar.,
700 ## - ADDED ENTRY--PERSONAL NAME
Personal name Nath, Utpal.,
942 ## - ADDED ENTRY ELEMENTS (KOHA)
Koha item type Books
653 ## - INDEX TERM--UNCONTROLLED
Uncontrolled term Computer Science.
653 ## - INDEX TERM--UNCONTROLLED
Uncontrolled term Information technology in business.
Holdings
Withdrawn status Lost status Damaged status Not for loan Home library Current library Shelving location Date acquired Total Checkouts Full call number Barcode Date last seen Copy number Price effective from Koha item type Date last checked out
        Central Library, Naharkatiya College Central Library, Naharkatiya College General Stacks 19/09/2020   004 | DAS 18520 19/09/2020 1 19/09/2020 Books  
        Central Library, Naharkatiya College Central Library, Naharkatiya College General Stacks 19/09/2020 1 004 | DAS 18521 04/06/2022 2 19/09/2020 Books 03/06/2022

Naharkatiya College © 2020. All rights reserved.

Powered By